LEADER 02385nam 2200721 a 450 001 9910779313603321 005 20230607225145.0 010 $a0-299-17743-2 010 $a1-283-90659-7 035 $a(CKB)2550000000996498 035 $a(OCoLC)607711240 035 $a(CaPaEBR)ebrary10639825 035 $a(SSID)ssj0000813041 035 $a(PQKBManifestationID)12409638 035 $a(PQKBTitleCode)TC0000813041 035 $a(PQKBWorkID)10767453 035 $a(PQKB)10230824 035 $a(SSID)ssj0001058740 035 $a(PQKBManifestationID)12423916 035 $a(PQKBTitleCode)TC0001058740 035 $a(PQKBWorkID)11088829 035 $a(PQKB)11433921 035 $a(MiAaPQ)EBC3445277 035 $a(Au-PeEL)EBL3445277 035 $a(CaPaEBR)ebr10639825 035 $a(CaONFJC)MIL421909 035 $a(OCoLC)873026272 035 $a(EXLCZ)992550000000996498 100 $a20010907d2002 uy 0 101 0 $aeng 135 $aurcn||||||||| 181 $ctxt 182 $cc 183 $acr 200 10$aRescuing the children$b[electronic resource] $ea Holocaust memoir /$fVivette Samuel ; translated and with an introduction by Charles B. Paul, one of those children ; foreword by Elie Wiesel 210 $aMadison $cUniversity of Wisconsin Press$dc2002 215 $a1 online resource (257 p.) 300 $aOriginally published as Sauver les enfants, c1995. 311 $a0-299-17740-8 311 $a0-299-17744-0 320 $aIncludes bibliographical references (p. 212-214) and index. 606 $aJews$zFrance$vBiography 606 $aJews$xPersecutions$zFrance 606 $aHolocaust, Jewish (1939-1945)$zFrance$vPersonal narratives 606 $aJewish children in the Holocaust$zFrance 606 $aWorld War, 1939-1945$xJews$xRescue$zFrance 607 $aFrance$xEthnic relations 615 0$aJews 615 0$aJews$xPersecutions 615 0$aHolocaust, Jewish (1939-1945) 615 0$aJewish children in the Holocaust 615 0$aWorld War, 1939-1945$xJews$xRescue 676 $a940.53/18/092 676 $aB 700 $aSamuel$b Vivette$f1919-$01562358 701 $aPaul$b Charles B$01562359 801 0$bMiAaPQ 801 1$bMiAaPQ 801 2$bMiAaPQ 906 $aBOOK 912 $a9910779313603321 996 $aRescuing the children$93829912 997 $aUNINA LEADER 02078oas 2200793 a 450 001 9910160139603321 005 20260319213014.0 011 $a2168-3573 035 $a(DE-599)ZDB2701490-3 035 $a(DE-599)2701490-3 035 $a(OCoLC)795914171 035 $a(CONSER) 2012200574 035 $a(CKB)2560000000084588 035 $a(EXLCZ)992560000000084588 100 $a20120620a20139999 uy a 101 0 $aeng 135 $aur||||||||||| 181 $ctxt$2rdacontent 182 $cc$2rdamedia 183 $acr$2rdacarrier 200 10$aAgroecology and sustainable food systems 210 1$aPhiladelphia, PA :$cTaylor & Francis,$dİ2013- 215 $a1 online resource 300 $aRefereed/Peer-reviewed 311 08$a2168-3565 531 0 $aAgroecol. sustain. food syst. 606 $aSustainable agriculture$vPeriodicals 606 $aAgricultural ecology$vPeriodicals 606 $aAgriculture durable$vPe?riodiques 606 $aE?cologie agricole$vPe?riodiques 606 $aAgricultural ecology$2fast$3(OCoLC)fst00800685 606 $aSustainable agriculture$2fast$3(OCoLC)fst01139712 608 $aPeriodicals.$2fast 608 $aPeriodicals.$2lcgft 615 0$aSustainable agriculture 615 0$aAgricultural ecology 615 6$aAgriculture durable 615 6$aE?cologie agricole 615 7$aAgricultural ecology. 615 7$aSustainable agriculture. 676 $a630 801 0$bDLC 801 1$bDLC 801 2$bSTF 801 2$bOCLCO 801 2$bTXA 801 2$bDLC 801 2$bAGL 801 2$bDLC 801 2$bOCLCF 801 2$bOCLCQ 801 2$bDLC 801 2$bNLE 801 2$bUKMGB 801 2$bUPM 801 2$bVT2 801 2$bSFB 801 2$bCNMTR 801 2$bBWN 801 2$bQGK 801 2$bOCLCQ 801 2$bUAB 801 2$bUEJ 801 2$bOCLCL 801 2$bUBY 906 $aJOURNAL 912 $a9910160139603321 996 $aAgroecology and sustainable food systems$91888010 997 $aUNINA